| 000 | 00536nam a2200181 i 4500 | ||
|---|---|---|---|
| 001 | 60300 | ||
| 003 | ES-MaACL | ||
| 005 | 20230906164214.0 | ||
| 007 | t| | ||
| 008 | 031104s1933 sp ||||1| spa d | ||
| 100 | 1 |
_aEspejo de Hinojosa, Ricardo. _947799 |
|
| 245 | 1 | 0 |
_aRudimentos de derecho _b: o Derecho usual español / _cpor Ricardo Espejo de Hinojosa. |
| 250 | _a19ª ed. | ||
| 260 |
_aBarcelona : _b[s.n.], _c1933 ( _fClarasó) |
||
| 300 |
_a411 p. ; _c20 cm. |
||
| 740 | 0 | _aDerecho usual español. | |
| 852 |
_aES-MaACL _jA-3696 |
||
| 999 |
_c60300 _d60300 |
||